The Illustrated encyclopedia of flowering plants

Bibliographic Details
Main Author: Krisa, Bohdan
Other Authors: Bristow, Pamela
Format: Book
Published: London : The Promotiond Reprint , 1992
Series:The Illustrated encyclopedia of
Subjects:

MARC

LEADER 00000cam a2200000 7i4500
001 0000002786
002 000003017
005 20000330.0
020 |a 1856480674 
090 0 0 |a 582.1303   |b KRI 
100 1 |a Krisa, Bohdan 
245 1 4 |a The Illustrated encyclopedia of flowering plants   |c Bohdan Krisa ; edited by Pamela Bristow 
260 |a London :   |b The Promotiond Reprint ,   |c 1992 
300 |a 352p. :   |b ill. ;   |c 23cm. 
490 0 |a The Illustrated encyclopedia of 
650 0 0 |a Angiosperms   |x Encyclopedia 
650 0 0 |a Flowers 
650 0 0 |a Plants 
700 1 |a Bristow, Pamela 
999 |a 036389   |b BUKU   |c RUJUKAN   |e PERPUSTAKAAN KOMUNITI PETALING JAYA